| 000 | 01112nam a22003257a 4500 | ||
|---|---|---|---|
| 003 | CHAP | ||
| 005 | 20220329134028.0 | ||
| 008 | 971013s1971 r 00010 d | ||
| 010 | _a14345 | ||
| 011 | _a15317 | ||
| 035 | _a19392 | ||
| 040 | _cCHAP | ||
| 090 | _aTesis | ||
| 100 | 0 | 0 |
_aCastro Robles, Víctor Manuel. _920419 |
| 245 |
_aEstudio de dos variedades de maíz de temporal en dos anchuras de surco _b: tres densidades de siembra y tres profundidades de suelo, en tres años |
||
| 260 |
_aChapingo, Méx. : _bEl autor, _c1971 |
||
| 300 |
_a31 h. _b; apénd. |
||
| 502 | _aTesis (Ing. Agr. Esp. en Fitotecnia) -- ENA | ||
| 590 |
_aALEPH _b10 _c20130110 _lUCH01 _h1235 |
||
| 590 |
_aBATCH-UPD _b10 _c20130110 _lUCH01 _h2035 |
||
| 590 |
_aBATCH-UPD _b10 _c20130410 _lUCH01 _h1350 |
||
| 590 |
_aBATCH-UPD _b10 _c20130914 _lUCH01 _h0911 |
||
| 590 |
_aCONVERSION _b10 _c20130109 _lUCH01 _h1309 |
||
| 650 | 1 | 4 |
_aMaíz _xEspaciamiento. _970946 |
| 650 | 1 | 4 |
_aMaíz _xVariedades. _971081 |
| 901 | _aBK | ||
| 942 | _cFOLL | ||
| 949 |
_bBC _cTES _d-45086 _eTS1 _i19392 _si |
||
| 949 |
_bBC _cTES _d-45088 _eTS2 _fc.2 _i19392 _si |
||
| 999 |
_c14345 _d14345 |
||